000 00868aam a2200313 i 4500
001 768714001
003 CO-MdFUSB
005 20250529160338.0
007 ta
008 250529t1975 sp |||| |||| 00| 0 spa d
020 _a84-7228-180-9
040 _cCO-MdFUSB
041 0 _aspa
_heng
082 0 4 _223
_a248.4
_bR5442s
100 1 _aRidenour, Fritz
_eautor
240 _aIt's your move
245 1 0 _aSi yo fuera...
_c/ Fritz Ridenour ; traducido por Angel Cazorla
264 1 _bClie,
_aTerrassa, Barcelona, España :
_c[1975]
264 4 _c©1975
300 _a176 páginas
336 _atexto
_btxt
_2rdacontent
337 _2rdamedia
_asin mediación
_bn
338 _2rdacarrier
_avolumen
_bnc
563 _aRústico
650 0 _aVida cristiana
_919
700 _aAngel Cazorla Olmo,
_911609
_etraductor
942 _cBK
945 _aJTF-925
999 _c35919
_d35919